Luật xuất bản
v.v...
Đã lưu trong:
| Định dạng: | Sách |
|---|---|
| Năm xuất bản: |
H.
Chính trị Quốc gia
2005
|
| Chủ đề: | |
| Tags: |
Thêm thẻ
Không có thẻ, Hãy là người đầu tiên gắn thẻ bản ghi này!
|
| LEADER | 00905nam a2200193 4500 | ||
|---|---|---|---|
| 082 | |a 343.5970998 |b L504x. | ||
| 100 | |a | ||
| 245 | |a Luật xuất bản |c Nước Cộng hòa Xã hội Chủ nghĩa Việt Nam | ||
| 260 | |a H. |b Chính trị Quốc gia |c 2005 | ||
| 300 | |a 37 tr. |c 19 cm | ||
| 520 | |a v.v... | ||
| 653 | |a Pháp luật | ||
| 653 | |a Việt Nam | ||
| 653 | |a Luật xuất bản | ||
| 942 | |2 ddc |c STK0 | ||
| 999 | |c 9667 |d 9667 | ||
| 952 | |0 0 |1 0 |2 ddc |4 0 |6 343_597099800000000_L504X |7 0 |8 300 |9 76532 |a qbu |b qbu |c D2 |d 2015-05-25 |g 3500 |o 343.5970998 L504x. |p 9534.c1 |r 0000-00-00 |w 2015-05-25 |y STK0 | ||
| 952 | |0 0 |1 0 |2 ddc |4 0 |6 343_597099800000000_L504X |7 0 |8 300 |9 76533 |a qbu |b qbu |c D2 |d 2015-05-25 |g 3500 |o 343.5970998 L504x. |p 9534.c2 |r 0000-00-00 |w 2015-05-25 |y STK0 | ||
| 952 | |0 0 |1 0 |2 ddc |4 0 |6 343_597099800000000_L504X |7 0 |8 300 |9 76534 |a qbu |b qbu |c D2 |d 2015-05-25 |g 3500 |o 343.5970998 L504x. |p 9534.c3 |r 0000-00-00 |w 2015-05-25 |y STK0 | ||